| 000 | 00931cgm a22002537a 4500 | ||
|---|---|---|---|
| 005 | 20201128021101.0 | ||
| 007 | vd cgaizm | ||
| 008 | 140923t2007 xxx f |||| 0| vneng d- | ||
| 020 | _a1413022421 | ||
| 020 | _a9781413022421 | ||
| 040 | _aEG-ScBUE | ||
| 082 | 0 | 0 |
_222 _a428.2 _bHER |
| 100 | 1 |
_92822 _aHerzfeld-Pipkin, Nancy, _d1951- |
|
| 245 | 1 | 0 |
_aDestinations 2 _h[videorecording] : _bwriting and grammar for academic success : exam view pro assessment CD-Rom / _cNancy Herzfeld-Pipkin, Jill Ortman. |
| 246 | 3 | 0 | _aDestination two |
| 260 |
_a[S. l.] : _bThomson Heinle, _cc.2007. |
||
| 300 | _a1 CD-ROM. | ||
| 650 | 0 |
_913890 _aEnglish language _xGrammar _vProblems, exercises, etc. |
|
| 650 | 0 |
_910260 _aEnglish language _xRhetoric _vProblems, exercises, etc. |
|
| 650 | 0 |
_97241 _aReport writing _vProblems, exercises, etc. |
|
| 653 |
_bEEENG _cSeptember2014 |
||
| 700 | 1 |
_91440 _aOrtman, Jill |
|
| 942 |
_2ddc _cCDR _k428.2 HER TR |
||
| 999 |
_c18413 _d18385 |
||